000 01220naa a22003257a 4500
001 BR7405402
003 BR-BrBNA
005 20240918173617.0
007 ta
008 230509b bl.||||| |||| 00| 0 por d
040 _aBR-BrBNA
_bpor
_cBiblioteca Nacional de Agricultura
041 _a(Pt)
072 _aL30
_b2120
_b8951
090 _aL30 BR7405402
100 1 _aCaielli, E.L.
100 1 _aBook, A.
100 1 _aBonilha Neto, L.M.
111 1 _a11. Reuniao da Sociedade Brasileira de Zootecnia
_cFortaleza, CE (Brazil)
_d22 Jul 1974
245 1 _aDeterminacao do valor nutritivo da casca ou palha de cafe [Nutricao animal; Coffea arabica]
260 3 _aFortaleza, CE (Brasil):
_bUniversidade Federal do Ceara,
_c1974.
500 _aAnais da 11. Reuniao da Sociedade Brasileira de Zootecnia Fortaleza, CE (Brasil): Universidade Federal do Ceara, 1974. p. 102 (BR7405402-AM)L30
650 _aNutricao animal
650 _aCafe
650 _aCasca de cafe
650 _aPalha
650 _aValor nutritivo
773 0 _tAnais da 11. Reuniao da Sociedade Brasileira de Zootecnia
_wL30 BR7405402
_gFortaleza, CE (Brasil), 1974. p. 102
909 _a202404
_bLucia
_c55
_dLucia Elande
942 _cAM
_2AGRIS
999 _c305738
_d305738